000
00309nam a2200121Ia 4500
008
231129s1972||||xx |||||||||||||| ||spa||
082
_a
987.02 R741o
100
_a
Rojas Aristides
245
0
_a
Origenes venezolanos : Estudios historicos
260
_c
1972
264
_a
Imprenta Nacional
942
_2
ddc
_c
BKS
999
_c
22197
_d
22197